Butterworths Legal Practice Handbook : (Record no. 194)

MARC details
000 -LEADER
fixed length control field 00529nam a22001697a 4500
005 - DATE AND TIME OF INPUT
control field 20231031134358.0
008 - DATA ELEMENTS--GENERAL INFORMATION
fixed length control field 231031b |||||||| |||| 00| 0 eng d
020 ## - INTERNATIONAL STANDARD BOOK NUMBER
International Standard Book Number 0409029939
041 ## - LANGUAGE CODE
Language code of text English
082 ## - SHELF NUMBER
DDC number 347.7 STI
100 ## - MAIN AUTHOR
Main author's name Stilwell, P
Language of a work English
245 ## - TITLE STATEMENT
Title Butterworths Legal Practice Handbook :
Sub-title Cross-Examination /
Statement of responsibility, etc. P Stilwell
260 ## - PUBLICATION, DISTRIBUTION, ETC.
Place of publication, distribution, etc. Durban :
Name of publisher, distributor, etc. LexisNexis Butterworths,
Date of publication, distribution, etc. 1997
300 ## - PHYSICAL DESCRIPTION
Other physical details xi, 67 pages ;
Dimensions 24 cm.
650 ## - SUBJECT`
Broad subject legal practice
Own subject terms Law
942 ## - ADDED ENTRY ELEMENTS (KOHA)
Item type Books
942 ## - ADDED ENTRY ELEMENTS (KOHA)
-- ALISON_BN_VRIES
Holdings
Source of classification or shelving scheme Not for loan Collection code Home library Current library Shelving location Date acquired Full call number Barcode Price effective from Koha item type
Dewey Decimal Classification   TEXT BOOKS LAW SOCIETY OF NAMIBIA LIBRARY - WINDHOEK LAW SOCIETY OF NAMIBIA LIBRARY - WINDHOEK Civil Procedure and Court 10/31/2023 347.7 STI LSN/2009/127 10/31/2023 Books